Who wrote the Bible? : (Record no. 3311)

000 -LEADER
fixed length control field 00603nam a2200193 a 4500
001 - CONTROL NUMBER
control field :::00001041$&:&@@
003 - CONTROL NUMBER IDENTIFIER
control field OkBaRHE
005 - DATE AND TIME OF LATEST TRANSACTION
control field 20000607103241.0
008 - FIXED-LENGTH DATA ELEMENTS--GENERAL INFORMATION
fixed length control field s1919 j 000 0 eng u
020 ## - INTERNATIONAL STANDARD BOOK NUMBER
International Standard Book Number 083696909X
040 ## - CATALOGING SOURCE
Transcribing agency
100 1# - MAIN ENTRY--PERSONAL NAME
Personal name Gladden, Washington, 1836-1918.
245 10 - TITLE STATEMENT
Title Who wrote the Bible? :
Remainder of title a book for the people.
260 ## - PUBLICATION, DISTRIBUTION, ETC. (IMPRINT)
Name of publisher, distributor, etc Houghton Mifflin Company
Date of publication, distribution, etc 1919
300 ## - PHYSICAL DESCRIPTION
Extent 381 p. ;
Dimensions 22 cm.
650 ## - SUBJECT ADDED ENTRY--TOPICAL TERM
Topical term or geographic name as entry element Bible
General subdivision Criticism, Interpretation, etc.
942 ## - ADDED ENTRY ELEMENTS (KOHA)
Source of classification or shelving scheme
Koha item type Books
Copies
Date last seen Barcode Lost status Koha item type Price effective from Copy number Permanent Location Damaged status Withdrawn status Date acquired Shelving location Not for loan Full call number Source of classification or shelving scheme
2010-04-141041 Books2010-04-141RHEMA Bible Training College  2010-04-14General Stacks BS 511 .G525